| 000 | 00741nam a22002417a 4500 | ||
|---|---|---|---|
| 005 | 20170124110108.0 | ||
| 010 | _a903244 | ||
| 020 | _c00.00 | ||
| 035 | _a903244 | ||
| 037 | _bCen Lib/Ret | ||
| 040 |
_aDPL _bEN |
||
| 082 |
_a954.13 _bCHI |
||
| 100 |
_aChib, Sukhdev Singh _928554 |
||
| 245 |
_aThis beautiful India Uttar Pradesh / _cby Sukhdev Singh Chib |
||
| 260 |
_aNew Delhi _bLight & Life Publishers _c1978 |
||
| 270 |
_a2428,Tilak Street Paharganj _bNew Delhi _e110055 |
||
| 300 |
_aviii,199p. : _c23cm(Hb) _bill. |
||
| 500 | _aIncludes bibliographical reference and index | ||
| 650 |
_aTravel _zIndia _928555 |
||
| 650 |
_aIndia--Uttar Pradesh _916100 |
||
| 700 | _928179 | ||
| 942 |
_2ddc _cEN _h954.13 _mCHI |
||
| 999 |
_c130192 _d130192 |
||